000 00535nam a2200205 a 4500
999 _c1797
_d1797
001 1797
003 BD-JhCC
005 20171024173408.0
008 171024s1986 nyua|||| |||| 000 0 eng d
035 _a(BD-JhCC)1797
040 _aBD-JhCC
_dBD-JhCC
041 _aeng
082 _a372.6
_bMAT 1986
100 _aMatteeoni, Lousise
245 _aInto Wide Worlds /
_cLouise Matteoni
260 _aNew York :
_bThe Economy Company;
_c1986
300 _a320 p. ;
_bill ;
_c24 cm
650 _aLanguage arts (Elementary)
942 _2ddc
_cBK